Jewels without crowns mughal gems in miniatures
Saved in:
| Main Author: | |
|---|---|
| Format: | Book |
| Language: | English |
| Published: |
Islamic Arts Museum
2010
|
| Tags: |
Add Tag
No Tags, Be the first to tag this record!
|
MARC
| LEADER | 00000nam a22000007a 4500 | ||
|---|---|---|---|
| 008 | 210419b ||||| |||| 00| 0 eng d | ||
| 020 | |a 978-983-44696-4-1 | ||
| 100 | |a GUISE, Lucien de | ||
| 245 | |a Jewels without crowns |b mughal gems in miniatures |c Lucien de Guise |g 158p.; ill. | ||
| 260 | |b Islamic Arts Museum |c 2010 |h [Kuala Lumpur], Malaysia |i 690066 |l NK7376 .G94 |m Jewelry – Mogul Empire – Exhibitions |m Miniature painting, Mogul Empire - Exhibitions |m Art, Mogul Empire – Exhibitions |m Jewelry in Art. | ||
| 942 | |a lcc |c BK |e ADEKANYE, I. H. |f 91/04/2021 | ||
| 952 | |0 0 |1 0 |2 lcc |4 0 |6 NK7376 G94 |7 0 |9 2175 |a HOL |b HOL |c LP |d 2021-04-19 |l 0 |o NK7376 .G94 |p 2021-6029 |r 2021-04-19 00:00:00 |w 2021-04-19 |y BK | ||
| 999 | |c 1132 |d 1132 | ||